| 000 | 01049naa a2200277 c 4500 | ||
|---|---|---|---|
| 001 | 43713 | ||
| 003 | ES-MaCES | ||
| 005 | 20151202141018.0 | ||
| 008 | 130315n2012 sp t 000 | spa d | ||
| 035 | _aCES20130001573v | ||
| 040 |
_aES-MaCES _bspa _cES-MaCES |
||
| 100 | 1 |
_914188 _aGuamán Hernández, Adoración |
|
| 245 | 1 | 0 |
_aCrisis económica y crisis del derecho del trabajo _b: ¿hacia un antiguo modelo de relaciones de trabajo? _cAdoración Guamán Hernández |
| 504 | _aBibliografía: p. 249-252 | ||
| 650 | 4 |
_aEspaña _926964 |
|
| 650 | 4 |
_adoctrina jurídica _930888 |
|
| 650 | 4 |
_aderecho del trabajo _927165 |
|
| 650 | 4 |
_arégimen jurídico _929894 |
|
| 650 | 4 |
_acrisis económica _927102 |
|
| 653 | 1 | 0 | _aDerecho del trabajo y Seguridad Social |
| 650 | 4 |
_928369 _arelaciones laborales |
|
| 773 | 0 |
_tRevista de derecho social _gn. 59 (jul.-sept. 2012){10693 R. 082627}; p. 233-252 _w(ES-MaCES)25695 _968772 |
|
| 902 | _aART Artículo de revista | ||
| 942 |
_2CES _cAR _h6.0.1. |
||
| 999 |
_c43713 _d43713 |
||